Melville v CIR (Record no. 64003)

MARC details
000 -LEADER
fixed length control field 00696cam a2200181 4500
001 - CONTROL NUMBER
control field X107035
008 - FIXED-LENGTH DATA ELEMENTS--GENERAL INFORMATION
fixed length control field 000000n2000 000 0 eng u
035 ## - SYSTEM CONTROL NUMBER
System control number (Sirsi) u107035
245 ## - TITLE STATEMENT
Title Melville v CIR
260 ## - PUBLICATION, DISTRIBUTION, ETC.
Date of publication, distribution, etc. 2000
490 ## - SERIES STATEMENT
Series statement New Property Cases
Volume/sequential designation [2000] NPC 70(20/06/2000)
520 ## - SUMMARY, ETC.
Summary, etc. ChD 20 June 2000. Where a settler retains the right to require the trustees to transfer the whole of the trust fund back to him, that amount is excluded from the amount upon which the trustees would otherwise be liable for tax. HEADNOTE FROM JOURNAL - DO NOT PHOTOCOPY.
650 ## - SUBJECT ADDED ENTRY--TOPICAL TERM
Topical term or geographic name entry element MELVILLE V CIR
650 ## - SUBJECT ADDED ENTRY--TOPICAL TERM
Topical term or geographic name entry element TRUST FUNDS
650 ## - SUBJECT ADDED ENTRY--TOPICAL TERM
Topical term or geographic name entry element TRUSTEES
690 ## - LOCAL SUBJECT ADDED ENTRY--TOPICAL TERM (OCLC, RLIN)
Topical term or geographic name as entry element TAXATION-CASE LAW
942 ## - ADDED ENTRY ELEMENTS (KOHA)
Suppress in OPAC 0
Holdings
Withdrawn status Lost status Source of classification or shelving scheme Damaged status Not for loan Home library Current library Shelving location Date acquired Total Checkouts Full call number Barcode Date last seen Copy number Price effective from Koha item type
    Dewey Decimal Classification     London London Journal article 07/07/2000   X107035 107035-1001 06/08/2019 1 06/08/2019 Law report